Protimonopolná politika (legislatíva v SR a v štátoch EÚ) bakalárska práca

Saved in:
Bibliographic Details
Main Author: Kubičár, Juraj
Corporate Author: Fakulta podnikového manažmentu EU. Katedra podnikovohospodárska
Other Authors: Strieška, Ľubomír
Format: Book
Language:Slovak
Published: Bratislava 2009
Tags: Add Tag
No Tags, Be the first to tag this record!

MARC

LEADER 00000nam$a2200000$$$4500
001 0102012
005 20240319130306.7
041 0 |a slo 
044 |a SK 
245 1 0 |a Protimonopolná politika (legislatíva v SR a v štátoch EÚ)  |b bakalárska práca  |c Juraj Kubičár ; škol. Ľubomír Strieška 
264 1 |a Bratislava  |c 2009 
300 |a 38 s. 
100 1 |a Kubičár, Juraj 
700 1 |a Strieška, Ľubomír 
710 2 |a Fakulta podnikového manažmentu EU. Katedra podnikovohospodárska